Ελληνο-Ισπανικό λεξικό = Diccionario Greco-Espanol
Αποθηκεύτηκε σε:
| Κύριος συγγραφέας: | |
|---|---|
| Άλλοι συγγραφείς: | , |
| Μορφή: | Βιβλίο |
| Γλώσσα: | Greek Spanish |
| Δημοσίευση: |
Αθήνα :
Μέδουσα,
1999
|
| Θέματα: | |
| Ετικέτες: |
Προσθήκη ετικέτας
Δεν υπάρχουν, Καταχωρήστε ετικέτα πρώτοι!
|
MARC
| LEADER | 00000cam a2200000 i 4500 | ||
|---|---|---|---|
| 001 | 1/58996 | ||
| 008 | 020226s1999 gre d | ||
| 020 | |a 960-7014-20-0 | ||
| 035 | |l 10000426 | ||
| 040 | |a GR-MY-UA |b gre |e aacr | ||
| 041 | 0 | |a gre |h spa | |
| 082 | 0 | |a 463 | |
| 100 | 1 | |a Azcoitia, Ana Victoria. | |
| 245 | 1 | 0 | |a Ελληνο-Ισπανικό λεξικό = |b Diccionario Greco-Espanol / |c Ana Victoria Azcoitia, Αλέξανδρος Μαγκρίδης ; επιμέλεια - Διορθώσεις Ευγενία Μιχαλοπούλου |
| 260 | |a Αθήνα : |b Μέδουσα, |c 1999 | ||
| 300 | |a 395 σ.; |c 18 cm. | ||
| 650 | 0 | 0 | |a Spanish language |x Dictionaries |z Greek, Modern. |
| 700 | 1 | |a Μαγκρίδης, Αλέξανδρος. | |
| 700 | 1 | |a Μιχαλοπούλου, Ευγενία. |4 edt | |
| 852 | |a INST |b RHODES |e 20020226 |h 463 AZC |p 005400016637 |q 005400016637 |t REF |y 23 | ||
| 852 | |a INST |b RHODES |e 20020226 |h 463 AZC |p 005400016638 |q 005400016638 |t REF |y 23 | ||
| 901 | |a BIBL4-2002-1 | ||
| 909 | |a Ρ |b 085291 | ||
| 909 | |a Ρ |b 085292 | ||
| 970 | |a ΚΟΥΛΑΚΙΟΤΗ |b ΛΙΤΣΑ |z 2002/02/26 | ||